American Contract Law for a Global Age

Bibliographic Details
Main Author: Snyder, Franklin G.
Other Authors: Burge, Mark Edwin
Format: eBook
Language:English
Published: Chicago: The Center for Computer - Assisted Legal Instruction (CALI), 2017
Subjects:
Online Access:Acceso restringido

MARC

LEADER 00000nam a22000007a 4500
005 20180427221230.0
007 cr|||| ||||
008 180427s2017 us |||||s|||| 00||0 eng d
035 |a 21504 
040 |a vLex 
090 |c 7827  |d 7827 
100 1 |a Snyder, Franklin G. 
245 1 0 |a American Contract Law for a Global Age  |h [Recurso electrn̤ico] /  |c Franklin G. Snyder, Mark Edwin Burge 
256 |a Servicio en ln̕ea 
260 |a Chicago:  |b The Center for Computer - Assisted Legal Instruction (CALI),  |c 2017 
300 |a 1 recurso electrn̤ico 
506 1 |a Disponible solo en los productos indicados  |d vLex Global  |d vLex Global (Academic Edition, excluding Law Schools)  |d vLex Global (U.S. Academic Edition, Law Schools)  |d vLex Global (U.S. Academic Edition, excluding Law Schools)  |d vLex Global (Academic Edition, Law Schools) 
650 0 4 |a Derecho Civil  |z Estados Unidos 
700 1 |a Burge, Mark Edwin 
740 0 |a vLex Libros (Servicio en ln̕ea) 
856 4 0 |u http://vlex.com/source/american-contract-law-global-age-21504  |z Acceso restringido 
942 |c BOOK 
999 0 |a Civil Law